1144 1484 1095 1147 1857 1131 1559 1093 1499 1428 1442 1441 1173 1682 1375 1214 1067 1480 1340 1967 1642 1969 1442 1034 1257 1957 1934 1530 1667 1646 1831 1560 1558 1060 1669 1094 1124 1512 1126 1508 1009 1083 1862 1050 1826 1570 1556 1554 1170 1012 1642 1150 1170 1332 1209 1681 1304 1161 1378 1695 1908 1860 1394 1578 1027 1404 1697 1435 1217 1163 1608 1645 1609 1077 1018 1190 1036 1390 1463 1996 1557 1160 1955 1120 1363 1599 1128 1882 1051 1723 1732 1997 1963 1198 1353 1916 1593 1163 1671 BCNSPRNW ULIB Ver.6.0+V

เปลี่ยนเป็นภาษาไทย

Change to English
 แสดงรายละเอียดบรรณานุกรม
  กลับหน้าหลัก

Brief Record : Get Marc (ISO 2709) : E-mail record : QR code < ปิดหน้าต่าง
LEADER : 00000nam 2200000uu 4500
001    13399124945
003     ULIB
008    160525s2558||||th 000 0 tha d
020    ^a9789749752838
060  4 ^aWE168^bห459
110 1  ^aวิทยาลัยแพทยศาสตร์พระมงกุฎเกล้า.^bกองการศึกษา.^bภาควิชาศัลยศาสตร์ออร์โธปิดิกส์
245 00 ^aหัตถการทางออร์โธปิดิคส์ /^cบรรณาธิการ สุพิชัย เจริญวารีกุล ... [คนอื่นๆ]
250    ^aพิมพ์ครั้งที่ 1
260    ^aนนทบุรี :^bโครงการตำราวิทยาลัยแพทยศาสตร์พระมงกุฎเกล้า,^c2558
300    ^a197 หน้า :^bภาพประกอบ
505 0  ^a... การจัดกระดูกหักและข้อเคลื่อนที่พบบ่อยโดยวิธีไม่ผ่าตัด (Closed Manipulation of Common Fractures Dislocations) ... การดามกระดูกในภาวะฉุกเฉิน (Common Types of Emergency Splints) ... เทคนิคการพันผ้า (Adhisive Taping and Bandaging Techniguies) ... การดึงผิวหนังเพื่อถ่วงนํ้าหนักแขนขา (Skin Traction) ... การตรวจ Ankle-Brachial Index และ Arterial Pressure Index) ... วิธีการวัด Compartment Pressure ... เทคนิคการฉีดยาและเจาะดูดสารนํ้าในข้อไหล่และข้อศอก (Injection Technigue for Shoulder and Elbow) ... การเจาะข้อและฉีดยาในขา (Joint Aspiration and Injection in Lower Extremity) ... การฉีดยาบริเวณนอกข้อต่อในส่วนของขา (Non-Articular Injection in Lower Extremity) ... การฉีดยาเพื่อคลายตัวของกล้ามเนื้อ (Trigger Point Injection) ... ความรู้ทั่วไปในการใส่เฝือกปูน (Plaster Casting) ... หลักการและเทคนิคใส่เฝือก (Plaster and Fiberglass Casts Basic Principle and Technigues) ... เทคนิคการใส่เฝือก (Casting Technigue) ... เทคนิกการใส่ Body Cast และ Spinal Cast (Body and Spica Casting Techigues) ... เครื่องมือผ่าตัดทางออร์โธปิดิกส์ (Instrumentation and Implants) ... การปูผ้าเพื่อเตรียมผ่าตัด (Draping) ... เทคนิคการเย็บแผลและเครื่องมือพื้นฐานทางศัลยกรรมออร์โธปิกส์ (Orthopaedic Sutuer Technigues and Basic Eguipment) ... การรักษาเส้นเอ็นที่ได้รับการบาดเจ็บบริเวณมือ (Treatment of Tendon Injury in the Hand) ... การตัดแขนขา (Amputation) ... การเตรียมผู้ป่วยเพื่อรับการผ่าตัด (Preparation for Surgery) ... การดูแลผู้ป่วยก่อนและหลังผ่าตัดในผู้ป่วยออร์โธปิดิกส์ (Orthopaedics Ward Care) ... การรักษาการติดเชื้อแบบฉับพลันในการบาดเจ็บการสู้รบทางทหาร (Treatment of Acute Infection in Military Injuries) ... อุปกรณ์ช่วยพยุงเดิน (Crutches Canes and Walkers)
650  7 ^aศัลยกรรมกระดูก
700 0  ^aสุพิชัย เจริญวารีกุล,^eบรรณาธิการ
700 0  ^aคเชนทร์ นำศิริกุล,^eบรรณาธิการ
700 0  ^aธรรมนูญ ศรีสะอ้าน,^eบรรณาธิการ
700 0  ^aพฤษพงศ์ ศรีสวัสดิ์,^eบรรณาธิการ
700 0  ^aสุริยา ลือนาม,^eบรรณาธิการ
700 0  ^aณัฎฐา กุลกำม์ธร,^eบรรณาธิการ
700 0  ^aศักดิ์สม กู้เกียรตินันท์,^eบรรณาธิการ
700 0  ^aฟูเศรษฐ จงเฟื่องปริญญา,^eบรรณาธิการ
945    ^p320^l0^i23559
945    ^p320^l0^i23560
945    ^p320^l0^i23561
945    ^p320^l0^i23562
945    ^p320^l0^i23563
999    ^aทศพร เกษรทอง
รายการนี้ยังไม่มีแท็ก
คุณยังไม่ได้ล็อกอิน คุณสามารถมีกิจกรรมร่วมกับเว็บไซต์ได้ แต่ต้องล็อกอินก่อน ::
  ล็อกอิน

รายการสื่อสารสนเทศ

ลำดับที่ ประเภท เลขเรียก/บาร์โค้ด สถานที่ สถานะ
1. วิทยาศาสตร์การแพทย์ และสุขภาพ
วิทยาศาสตร์การแพทย์ และสุขภาพ
สถานะ=หนังสือเก่า
WE168 ห459 ฉ.1 
  Barcode: 23559
ห้องสมุดวิทยาเขตนครสวรรค์
►ส่วนจัดเก็บหนังสือเก่า นว.
บนชั้น
  ขอยืม
2. วิทยาศาสตร์การแพทย์ และสุขภาพ
วิทยาศาสตร์การแพทย์ และสุขภาพ
สถานะ=หนังสือเก่า
WE168 ห459 ฉ.2 
  Barcode: 23560
ห้องสมุดวิทยาเขตนครสวรรค์
►ส่วนจัดเก็บหนังสือเก่า นว.
บนชั้น
  ขอยืม
3. วิทยาศาสตร์การแพทย์ และสุขภาพ
วิทยาศาสตร์การแพทย์ และสุขภาพ
สถานะ=หนังสือเก่า
WE168 ห459 ฉ.3 
  Barcode: 23561
ห้องสมุดวิทยาเขตนครสวรรค์
►ส่วนจัดเก็บหนังสือเก่า นว.
ถูกยืม กำหนดส่งวันที่ 15 เมษายน 2569
  จอง
4. วิทยาศาสตร์การแพทย์ และสุขภาพ
วิทยาศาสตร์การแพทย์ และสุขภาพ
สถานะ=หนังสือเก่า
WE168 ห459 ฉ.4 
  Barcode: 23562
ห้องสมุดวิทยาเขตนครสวรรค์
►ส่วนจัดเก็บหนังสือเก่า นว.
บนชั้น
  ขอยืม
5. วิทยาศาสตร์การแพทย์ และสุขภาพ
วิทยาศาสตร์การแพทย์ และสุขภาพ
สถานะ=หนังสือเก่า
WE168 ห459 ฉ.5 
  Barcode: 23563
ห้องสมุดวิทยาเขตนครสวรรค์
►ส่วนจัดเก็บหนังสือเก่า นว.
บนชั้น
  ขอยืม

รายการใกล้เคียง
    หัวเรื่อง [ศัลยกรรมกระดูก]

BibComment


ยังไม่เคยถูกคอมเมนท์

คอมเมนท์ทรัพยากรรายการนี้
  คอมเมนท์: หัตถการทางออร์โธ..


 Copyright 2026. Bcnsprnw @Library